महर्षी विठ्ठल रामजी शिंदे (Record no. 1221091)

MARC details
000 -LEADER
fixed length control field 00417nam a2200121Ia 4500
008 - FIXED-LENGTH DATA ELEMENTS--GENERAL INFORMATION
fixed length control field 260427s2020 xx 000 0 und d
041 ## - LANGUAGE CODE
Language code of text/sound track or separate title hin
082 ## - DEWEY DECIMAL CLASSIFICATION NUMBER
Classification number 920
100 ## - MAIN ENTRY--PERSONAL NAME
Personal name आचार्य रतनलाल सोमणाथ
245 ## - TITLE STATEMENT
Title महर्षी विठ्ठल रामजी शिंदे
260 ## - PUBLICATION, DISTRIBUTION, ETC.
Name of publisher, distributor, etc. आर. के. पब्लिकेशन, पुणे
Date of publication, distribution, etc. 2020
300 ## - PHYSICAL DESCRIPTION
Extent Soft/P-90
Holdings
Withdrawn status Lost status Damaged status Not for loan Collection Home library Current library Shelving location Date acquired Source of acquisition Cost, normal purchase price Total Checkouts Full call number Barcode Date last seen Price effective from Koha item type
          College of Engineering for Women, Pune College of Engineering for Women, Pune   27/04/2026 Bharati Vidyapeeth, Pune 1000.00   920 EWP-D700 27/04/2026 27/04/2026 Book